000 00521nam a2200193Ia 4500
005 20250508161636.0
008 008 250505s9999 xx 000 0 eng d
037 _aTextual
040 _aFEDL
_beng
_cFEDL
041 _aeng
_2eng
084 _a600, OLS
_qFEDL
100 _aOlson Delmar W
_9771151
245 0 _aIndustrial arts for the general shop
250 _a3rd
260 _aEnglewood Cliffs
_b Prentice-Hall
_c1968
300 _a404p.
942 _cTEXL
_h600, OLS
999 _c1371289
_d1371289